La universidad y los derechos humanos en América Latina /
Gorde:
| Egile korporatiboa: | , |
|---|---|
| Formatua: | Texto |
| Argitaratua: |
San José:
CSUCA
|
| Etiketak: |
Etiketa erantsi
Etiketarik gabe, Izan zaitez lehena erregistro honi etiketa jartzen!
|
MARC
| LEADER | 00000 a a2200000 04500 | ||
|---|---|---|---|
| 001 | 23124 | ||
| 003 | |||
| 040 | |||
| 090 | |a 159600 | ||
| 110 | |a Programa Centroamericano de Autonomía y Solidaridad | ||
| 245 | |a La universidad y los derechos humanos en América Latina / |c Programa Centroamericano de Autonomía y Solidaridad | ||
| 260 | |a San José: |b CSUCA | ||
| 300 | |a 47 p. | ||
| 710 | |a Universidad Iberoamericana |a CSUCA | ||
| 999 | |c 11322 |d 11322 | ||
